| 000 | 01227nam a2200373 i 4500 | ||
|---|---|---|---|
| 001 | 177269 | ||
| 003 | ES-MaACL | ||
| 005 | 20230906220307.0 | ||
| 007 | t| | ||
| 008 | 110311s1971 fr abdf ||||1| fre d | ||
| 080 | _a913(497) | ||
| 080 | _a913(495) | ||
| 080 | _a913(496.5) | ||
| 080 | _a913(497.2) | ||
| 080 | _a913(497.1) | ||
| 100 | 1 |
_aPéchoux, Pierre-Yves. _9145580 |
|
| 245 | 1 | 4 |
_aLes Balkans / _cpar Pierre-Yves Péchoux et Michel Sivignon. |
| 250 | _a[1e éd.]. | ||
| 260 |
_aParis : _bPresses Universitaires de France, _c1971. |
||
| 300 |
_a284, [8] p. de lám. bl. y n. : _bil. bl. y n. ; _c19 cm. |
||
| 490 | 1 |
_aMagellan. La Géographie et ses problèmes ; _v16 |
|
| 500 | _aÍndices. | ||
| 504 | _aBibliografía: p. 273-278. | ||
| 546 | _aTexto en francés. | ||
| 651 | 4 |
_aPaíses balcánicos- _xGeografía. _9145582 |
|
| 651 | 4 |
_aGrecia- _xGeografía. _9145584 |
|
| 651 | 4 |
_aAlbania- _xGeografía. _9145585 |
|
| 651 | 4 |
_aBulgaria- _xGeografía. _9145586 |
|
| 651 | 4 |
_aYugoslavia- _xGeografía. _9145587 |
|
| 700 | 1 |
_aSivignon, Michel. _9145581 |
|
| 830 | 0 |
_aMagellan. La Géographie et ses problèmes ; _v16 _9182333 |
|
| 852 |
_aES-MaACL _jE-14671 _xOlim P-507 |
||
| 999 |
_c177269 _d177269 |
||